000
00229nam a2200097Ia 4500
001
659140
005
20250826154649.0
008
250824s9999 xx 000 0 und d
245
0
_a
MARTI SU HER DENEY BİR EĞLENCE
260
_b
MARTI
999
_c
659140
_d
659140